Die bevölkerungsreichsten Hauptstädte A-Z - Statistiken

Allgemein
  • Dieses Quiz wurde 64 mal gespielt
  • Das Durchschnittsergebnis liegt bei 8 aus 24
Antwortstatistiken
Buchstabe Einwohner Hauptstadt % Korrekt
T 14.047.600 Tokio
81%
P 21.730.000 Peking
76%
M 11.514.300 Moskau
56%
I 2.001.600 Islamabad
50%
B 8.305.200 Bangkok
48%
Q 2.239.200 Quito
48%
Z 688.200 Zagreb
48%
U 1.396.300 Ulaanbaatar
46%
H 8.053.663 Hanoi
39%
K 11.575.000 Kinshasa
39%
D 6.970.100 Dhaka
33%
N 4.397.100 Nairobi
33%
L 9.485.400 Lima
30%
O 1.323.800 Ottawa
30%
R 6.924.600 Riad
28%
S 9.794.300 Seoul
28%
W 1.897.500 Wien
22%
F 609.200 Freetown
20%
A 5.446.200 Accra
17%
C 3.300.300 Caracas
17%
Y 1.881.900 Jaunde
17%
J 1.570.800 Jerewan
13%
G 3.354.000 Guatemala-Stadt
9%
V 820.900 Vientiane
9%
Keine übereinstimmenden Quizze gefunden
Verteilung der Resultate
Anzahl Personen mit jedem Resultat
Perzentil nach korrekt beantworteten Fragen
Ihre Resultats-Entwicklung
Sie haben dieses Quiz noch nicht gespielt